header

Scripted geographies (Record no. 245284)

MARC details
000 -LEADER
fixed length control field 01469nam a2200361 a 4500
082 04 - DEWEY DECIMAL CLASSIFICATION NUMBER
Classification number 868/.5080932
100 1# - MAIN ENTRY--AUTHOR NAME
Personal name Nunley, Gayle R.,
245 10 - TITLE STATEMENT
Title Scripted geographies
260 ## - PUBLICATION, DISTRIBUTION, ETC. (IMPRINT)
Place of publication Lewisburg, Pa. :
Name of publisher Bucknell University Press,
Year of publication 2007.
300 ## - PHYSICAL DESCRIPTION
Number of Pages 272 p.
650 #0 - SUBJECT ADDED ENTRY--TOPICAL TERM
Topical Term Spanish prose literature
Topical Term Travelers' writings, Spanish
Topical Term Authors, Spanish
Topical Term Travel in literature.
856 40 - ELECTRONIC LOCATION AND ACCESS
Uniform Resource Identifier http://site.ebrary.com/lib/rucke/Doc?id=10537930

No items available.

© 2026 Rongo University
Contact us: librarian | system librarian | Rongo university